000 00924nam a2200253Ia 4500
003 GCL
008 140319s9999 xx 000 0 ara d
040 _aGCL /
_cGCL
082 0 4 _aق
_b327.62
_bف ق
100 1 _aمحمد صقر خفاجة
245 1 0 _aقدماء المصريين الاغريق : بحث فى العلاقات بين الشعبين من اقدم الازمنة الى نهاية الدولة الحدية /
_cمحمد صقر خفاجة
700 1 _aفركوتية جان
700 1 _aمحمد على كمال الدين (مترجم)
700 1 _aكمال دسوقى
260 _a[S.N] :
_bدار النهضة العربية
300 _a136 ص
490 _a
650 0 4 _aمصر القديمة
650 0 4 _aالعلاقات الخارجية
650 0 4 _aالفراعنة
650 0 4 _aالحضارة الاغريقية
650 0 4 _aقدماء المصريين
942 _2ddc
_cBK
999 _c36473
_d36473